Top 50 players NHL 24-25 - Statistics

General Stats
  • This quiz has been taken 23 times
  • The average score is 38 of 50
Answer Stats
Team POS # Player PTS % Correct
COL C 2. MacKinnon 116
100%
COL D 9. Makar 92
100%
TOR AD 5. Marner 102
100%
TOR C 30. Matthews 78
100%
EDM C 6. McDavid 100
100%
PIT C 10. Crosby 91
95%
TBL AD 1. Kucherov 121
90%
TOR AD 18. Nylander 84
90%
BOS AD 4. Pastrnak 106
90%
TBL C 20. Point 82
90%
MTL C 14. Suzuki 89
90%
VGK C 8. Eichel 94
86%
NJD C 48. J.Hughes 70
86%
DET C 47. Larkin 70
86%
CAR,COL C 19. Necas 83
86%
WSH AG 37. Ovechkin 73
86%
VAN C 33. Q.Hughes 76
86%
COL,CAR, DAL AD 15. Rantanen 88
86%
DAL AG 27. Robertson 80
86%
FLA C 42 Barkov 71
81%
WPG AG 7. Connor 97
81%
NYR AG 13. Panarin 89
81%
CAR C 36. Aho 74
76%
MTL AD 44. Caufield 70
76%
EDM C 3. Draisaitl 106
76%
NJD C 50. Hischier 69
76%
UTA AD 12 Keller 90
76%
LAK AD 38. Kempe 73
76%
VAN,NYR C 49. Miller 70
76%
FLA C 24. Reinhart 81
76%
BUF C 40. Thompson 72
76%
CBJ D 23. Werenski 82
76%
NSH AG 31. Forsberg 76
71%
STL C 25. Thomas 81
71%
MIN AG 39. Boldy 73
67%
DAL C 41. Johnston 71
67%
STL AD 45. Kyrou 70
67%
TOR C 34. Tavares 74
67%
DET AD 43. DeBrincat 70
62%
TBL AG 11. Hagel 90
62%
WPG C 17. Scheifele 87
62%
WSH C 22. Strome 82
62%
OTT C 29. Stützle 79
62%
TBL C 26. Guentzel 80
57%
NJD AG 16. Bratt 88
52%
DET AG 28. Raymond 80
52%
PHI AD 32. Konecny 76
48%
CBJ AD 35. Marchenko 74
43%
DAL C 21. Duchene 82
38%
PIT AD 46. Rakell 70
29%
No matching quizzes found
Score Distribution
Percent of People with Each Score
Percentile by Number Answered
Your Score History
You have not taken this quiz